Cục diện Châu Á Thái Bình Dương ( Sách tham khảo)

Saved in:
Bibliographic Details
Main Author: Dương, Phú Hiệp
Other Authors: Vũ, Văn Hà
Format: Book
Published: Hà Nội Chính Trị quốc gia 2006
Subjects:
Tags: Add Tag
No Tags, Be the first to tag this record!
Institutions: Trung tâm Học liệu Lê Vũ Hùng, Trường Đại học Đồng Tháp
LEADER 00869pam a22002538a 4500
001 00037810
005 20171026081025.0
008 170514s2006 ||||||Viesd
041 0 # |a Vie 
082 1 4 |a 327.5  |b C506D 
100 1 # |a Dương, Phú Hiệp 
245 1 0 |a Cục diện Châu Á Thái Bình Dương  |b ( Sách tham khảo)  |c Dương Phú Hiệp, Vũ Văn Hà (chủ biên) 
260 # # |a Hà Nội  |b Chính Trị quốc gia  |c 2006 
300 # # |a 363tr.  |c 24 cm 
653 # # |a Châu Á 
653 # # |a Cục diện Châu Á 
653 # # |a Thái Bình Dương 
700 1 # |a Vũ, Văn Hà 
852 # # |b Kho mượn  |j KM.0023009 
852 # # |b Kho đọc  |j KD.0022231 
852 # # |j KM.0023009  |j KD.0022231 
910 |d 14/05/2017 
980 # # |a Trung tâm Học liệu Lê Vũ Hùng, Trường Đại học Đồng Tháp